| 000 | 00373nam a2200121Ia 4500 | ||
|---|---|---|---|
| 008 | 230907s9999||||xx |||||||||||||| ||und|| | ||
| 082 |
_a300.3 _bINT |
||
| 245 | 0 | _aInternational encyclopedia of the social sciences / | |
| 260 |
_aMacmillan Reference USA, _bDetroit : _c2008 |
||
| 300 | _a9 v. ; various pages. | ||
| 650 |
_aDictionaries. Encyclopedias. _9115706 |
||
| 942 | _cBK | ||
| 999 |
_c599201 _d599201 |
||